Welcome to CU Library Online Public Access Catalogue (OPAC)

Entrepreneurship (Record no. 4753)

MARC details
000 -LEADER
fixed length control field 00409nam a22001697a 4500
005 - DATE AND TIME OF LATEST TRANSACTION
control field 20250313121123.0
008 - FIXED-LENGTH DATA ELEMENTS--GENERAL INFORMATION
fixed length control field 250313b |||||||| |||| 00| 0 eng d
020 ## - INTERNATIONAL STANDARD BOOK NUMBER
International Standard Book Number 9780071229166
050 ## - LIBRARY OF CONGRESS CALL NUMBER
Classification number HD62
Item number .5 HIS
100 ## - MAIN ENTRY--PERSONAL NAME
Personal name Hisrich, Robert D.
245 ## - TITLE STATEMENT
Title Entrepreneurship
250 ## - EDITION STATEMENT
Edition statement 5th
260 ## - PUBLICATION, DISTRIBUTION, ETC.
Place of publication, distribution, etc. Boston
Name of publisher, distributor, etc. McGraw Hill
Date of publication, distribution, etc. c2002
300 ## - PHYSICAL DESCRIPTION
Extent xix, 663p
500 ## - GENERAL NOTE
General note includes index
942 ## - ADDED ENTRY ELEMENTS (KOHA)
Source of classification or shelving scheme Library of Congress Classification
Koha item type Books
Suppress in OPAC No
999 ## -
-- 4753
-- 4753
Holdings
Withdrawn status Lost status Source of classification or shelving scheme Damaged status Not for loan Collection Home library Current library Shelving location Date acquired Total checkouts Full call number Barcode Date last seen Copy number Price effective from Koha item type
    Library of Congress Classification     Non-fiction Undergraduate Library (Christ Temple) Undergraduate Library (Christ Temple) General stacks 03/13/2025   HD62.5 HIS ulct00001698 03/13/2025 1 03/13/2025 Books
    Library of Congress Classification     Non-fiction Undergraduate Library (Christ Temple) Undergraduate Library (Christ Temple) General stacks 03/13/2025   HD62.5 HIS ulct00001699 03/13/2025 2 03/13/2025 Books
© 2023-2024 Copyright: Central University Libraries. All Rights Reserved | Created by: Mahone Tech Office